It looks like you're offline.
Open Library logo
additional options menu

MARC Record from Scriblio

Record ID marc_records_scriblio_net/part11.dat:105185463:963
Source Scriblio
Download Link /show-records/marc_records_scriblio_net/part11.dat:105185463:963?format=raw

LEADER: 00963cam 2200265 i 4500
001 79012419
003 DLC
005 19990716000000.0
008 790327r19791890nyua j 000 1 eng
010 $a 79012419
020 $a0831764783
040 $aDLC$cDLC$dDLC
042 $alcac
050 00 $aPZ7.D684$bNu 1979
082 00 $a[Fic]
100 1 $aCarroll, Lewis,$d1832-1898.
245 14 $aThe nursery "Alice" /$cby Lewis Carroll [i.e. C.L. Dodgson] ; illustrated by Sir John Tenniel.
260 $aNew York :$bMayflower Books,$c[1979]
300 $a56 p. :$bcol. ill. ;$c26 cm.
440 0 $aFacsimile classics series
500 $aReprint of the 1890 ed. published by Macmillan, London.
520 $aA little girl falls down a rabbit hole and discovers a strange world inhabited by all sorts of unusual characters.
650 1 $aFantasy.
700 1 $aTenniel, John,$cSir,$d1820-1914.
700 1 $aCarroll, Lewis,$d1832-1898.$tAlice's adventures in Wonderland.